|
|
|
|
| LEADER |
00000nkm a2200000 a 4500 |
| 001 |
vtls012023540 |
| 003 |
SK-MaSNL |
| 005 |
20260512122644.0 |
| 007 |
kp ao |
| 008 |
231121q1919 xo g kuslo |
| 015 |
|
|
|a SNBG
|
| 035 |
|
|
|a urn:nbn:sk:snk-km00gip7
|
| 035 |
|
|
|a EC88D2E6-1635-4A62-ABA4-FC564F41FBAF
|
| 040 |
|
|
|a SNK
|b slo
|c SNK
|e AACR2
|
| 041 |
0 |
|
|a slo
|
| 043 |
|
|
|a e-xo---
|
| 044 |
|
|
|a xo
|c SK
|
| 072 |
|
7 |
|a 913
|x Regionálna geografia
|2 konspekt
|
| 080 |
|
|
|a 913(437.6)
|2 2011
|
| 080 |
|
|
|a 711.455:615.838
|2 2011
|
| 080 |
|
|
|a (084.121)
|2 2011
|
| 080 |
|
|
|a 614.2:[725.1:614.21]
|2 2011
|
| 080 |
|
|
|a 725.1:615.838
|2 2011
|
| 245 |
0 |
0 |
|a Považie
|h grafika
|b Trenčianské Teplice
|
| 260 |
|
|
|a V Trenčíne
|b Leopold Gansel
|c [medzi 1919 a 1940?]
|
| 300 |
|
|
|a 1 pohľadnica
|b tónovaná do zelena
|c 9 x 14 cm
|
| 500 |
|
|
|a Názvové údaje prevzaté z obrazovej časti dokumentu
|
| 500 |
|
|
|a Číslo záberu 26
|
| 520 |
8 |
|
|a Zobrazenie: Pohľad sprava, z chodníka na liečebný dom. Stĺpy, ktoré sa nachádzajú po oboch stranách od vchodu, sú porastené popínavou rastlinou a za nimi sú stoly s obrusmi. V popredí vľavo na trávniku sú dve malé palmy. V pozadí, vľavo za liečebným domom je zalesnený kopec. V pravom hornom rohu sú konáre listnatého stromu
|
| 650 |
0 |
7 |
|a kúpele
|2 SNKPH
|9 1139
|
| 650 |
0 |
7 |
|a kúpeľné budovy
|2 SNKPH
|9 102104
|
| 650 |
0 |
7 |
|a liečebne
|2 SNKPH
|9 56920
|
| 651 |
|
7 |
|a Trenčianske Teplice (Slovensko)
|2 SNKPHgeo
|9 14503
|
| 655 |
|
7 |
|a miestne pohľadnice
|2 SNKPH
|9 70510
|
| 752 |
|
|
|a Slovensko
|d Trenčín
|
| 852 |
|
|
|a Slovenská národná knižnica
|
| 958 |
|
|
|a GBN
|
| 958 |
|
|
|a GC
|
| 958 |
|
|
|a OND
|
| 958 |
|
|
|a EUIPO
|
| 999 |
|
|
|c 648014
|d 649944
|
| 952 |
|
|
|a SNK
|b SNK
|y PREZ
|7 0
|p 17A1292245
|o snkSP 89652
|0 0
|1 0
|4 0
|d 2021-04-16
|f 1
|l 0
|r 2026-02-23 18:13:22
|w 2026-02-23
|